000 00380nam a2200133Ia 4500
008 240624s9999 xx 000 0 und d
041 _aeng
082 _a658.4092 HBS
100 _aHARVARD BUSINESS SCHOOL PRESS
245 _aHARVARD BUSINESS REVIEW ON DEVELOPING LE
260 _c2004
_aBoston
_bHarvard Business School Press
300 _avii, : 182 : p. : cm. ; 21
365 _c
999 _c28744
_d28744